| 000 | 00697nam a22002297a 4500 | ||
|---|---|---|---|
| 005 | 20170124110001.0 | ||
| 010 | _aA-861827 | ||
| 020 | _c00.00 | ||
| 035 | _aA-861827 | ||
| 037 | _bCen Lib/Ret | ||
| 040 |
_aDPL _bEN |
||
| 082 |
_a363.70068 _bPAN |
||
| 100 |
_aPandey, G.N. _915925 |
||
| 245 |
_aEnvironmental management / _cby G.N.Pandey |
||
| 260 |
_aNew Delhi _bVikas Publishing House _c1997 |
||
| 270 |
_a576 Masjid road, Jangpura _bNew Delhi _e110014 |
||
| 300 |
_a398p. : _c22cm(Hb) _bill. |
||
| 500 | _aIncludes index | ||
| 650 |
_aEnvironmental protection -- Periodicals _973520 |
||
| 650 |
_aEnvironmental -- auditing _915926 |
||
| 942 |
_2ddc _cEN _h363.70068 _mPAN |
||
| 999 |
_c125903 _d125903 |
||